| 000 | 00604nam a2200217 i 4500 | ||
|---|---|---|---|
| 001 | 57172 | ||
| 003 | ES-MaACL | ||
| 005 | 20231114062531.0 | ||
| 007 | t| | ||
| 008 | 031015s1981 sp ||||1| spa d | ||
| 020 | _a84-322-0387-4 | ||
| 100 | 1 |
_aDonoso, José. _945336 |
|
| 245 | 1 | 3 |
_aEl jardín de al lado / _cJosé Donoso. |
| 250 | _a[1ª ed.]. | ||
| 260 |
_aBarcelona : _bSeix Barral, _c1981. |
||
| 300 |
_a264 p. ; _c20 cm. |
||
| 490 | 1 |
_aBiblioteca breve ; _v472 |
|
| 830 | 0 |
_aBiblioteca breve (Seix Barral) _v472 _9227188 |
|
| 852 |
_aES-MaACL _jL-11000 _bR.112747 |
||
| 999 |
_c57172 _d57172 |
||